000 00519nam a22001697a 4500
005 20251108171101.0
008 250721s1983 xx 000 0 ara d
082 1 4 _a214/سيد
100 1 _aقطب، سيد
245 1 0 _aالتربية الإسلامية في ظلال القرآن :
_bدراسات حركية /
264 1 _aبيروت :
_bدار القبس،
_c1983.
300 _a344 ص
650 1 7 _aالإسلام
700 1 _aياسين، عبد الله
_eإعداد
942 _2ddc
_cBK
999 _c56188
_d56188